MARC details
| 000 -CABECERA |
| campo de control de longitud fija |
01055cam a22003014a 4500 |
| 003 - IDENTIFICADOR DEL NÚMERO DE CONTROL |
| campo de control |
UPN |
| 005 - FECHA Y HORA DE LA ÚLTIMA TRANSACCIÓN |
| campo de control |
20220920220324.0 |
| 008 - ELEMENTOS DE LONGITUD FIJA--INFORMACIÓN GENERAL |
| campo de control de longitud fija |
090217s2004 es a r 000 f spa d |
| 020 ## - NÚMERO INTERNACIONAL NORMALIZADO PARA LIBROS |
| Número Internacional Estándar del Libro |
8431677333 |
| 035 ## - NÚMERO DE CONTROL DEL SISTEMA |
| Número de control de sistema |
UPN01000169385 |
| 040 ## - FUENTE DE LA CATALOGACIÓN |
| Centro catalogador/agencia de origen |
UPN |
| Lengua de catalogación |
spa |
| Centro/agencia transcriptor |
UPN |
| 049 ## - COLECCIÓN |
| Colección |
CG |
| 050 #4 - SIGNATURA TOPOGRÁFICA DE LA BIBLIOTECA DEL CONGRESO |
| Número de clasificación |
PR4854 |
| Número de documento/Ítem |
P47 2004 |
| 100 1# - ASIENTO PRINCIPAL--NOMBRE PERSONAL |
| Nombre de persona |
Kipling, Rudyard, |
| Fechas asociadas al nombre |
1864-1936 |
| 9 (RLIN) |
28832 |
| 245 14 - MENCIÓN DE TÍTULO |
| Título |
Los perros rojos ; |
| Resto del título |
El ankus del Rey / |
| Mención de responsabilidad, etc. |
Rudyard Kipling ; ilustraciones Francisco Solé ; traducción Julio-César Santoyo ; notas y actividades Francisco Antón. |
| 250 ## - MENCIÓN DE EDICIÓN |
| Mención de edición |
Primera edición |
| 260 ## - PUBLICACIÓN, DISTRIBUCIÓN, ETC. |
| Lugar de publicación, distribución, etc. |
Barcelona, España : |
| Nombre del editor, distribuidor, etc. |
Vicens Vives, |
| Fecha de publicación, distribución, etc. |
2004. |
| 300 ## - DESCRIPCIÓN FÍSICA |
| Extensión |
101 páginas : |
| Otras características físicas |
ilustraciones a color |
| 490 0# - MENCIÓN DE SERIE |
| Mención de serie |
Cucaña ; |
| Designación de volumen o secuencia |
28 |
| 534 ## - NOTA SOBRE LA VERSIÓN ORIGINAL |
| Frase introductoria |
Título original: |
| Mención de título del original |
Red dog. The King's ankus |
| 650 #4 - ASIENTO SECUNDARIO DE MATERIA - TERMINO TEMATICO |
| Término de materia o nombre geográfico como elemento de entrada |
Cuentos ingleses |
| 9 (RLIN) |
13122 |
| 650 #4 - ASIENTO SECUNDARIO DE MATERIA - TERMINO TEMATICO |
| Término de materia o nombre geográfico como elemento de entrada |
Historias de aventuras |
| 9 (RLIN) |
4131 |
| 700 1# - ASIENTO SECUNDARIO--NOMBRE DE PERSONAL |
| Nombre de persona |
Solé, Francisco, |
| Fechas asociadas al nombre |
1952- |
| Término indicativo de función/relación |
ilustrador |
| 9 (RLIN) |
45717 |
| 700 1# - ASIENTO SECUNDARIO--NOMBRE DE PERSONAL |
| Nombre de persona |
Santoyo, Julio-César, |
| Fechas asociadas al nombre |
1943- |
| Término indicativo de función/relación |
traductor |
| 9 (RLIN) |
45674 |
| 740 3# - ASIENTO SECUNDARIO - TÍTULOS RELACIONADOS /ANALITICOS NO CONTROLADOS |
| Título relacionado o analítico no controlado |
El ankus del Rey |
| 905 ## - TIPO DE MATERIAL |
| Tipo de material |
Libro |
| 942 ## - ELEMENTOS DE PUNTO DE ACCESO ADICIONAL (KOHA) |
| Fuente del sistema de clasificación o colocación |
Library of Congress Classification |
| Tipo de ítem Koha |
Libro |